000 01378cam a22002054a 4500
005 20250605164019.0
008 250528s ||||||||||||||||||||||||d
035 _a16265
020 _a71127364
040 _aGR-AtMCL
_bgre
_dGR-AtMCL
_eAACR2
245 1 _aEngineering Circuit Analysis / Fifth Edition
260 _bMcgraw Hill, Inc,
_c1993
300 _a708
520 _aThis book presents circuit theory in an engaging and lively style. Preface, The Resistive Circuit, Units and Definitions and Experimental Laws and Simple Circuits, Some Useful Techniques of Circuit Analysis, The Transient Circuit, Inductance and Capacitance, Source-Free RL and RC Circuits, The Application of the Unit-Step Forcing Function, The RLC Circuit, Sinusoidal Analysis, The Sinusoidal Forcing Function, The Phasor Concept, The Sinusoidal Steady-State Response, Average Power and RMS Values, Polyphase Circuits, Complex Frequency, Frequency Response, Magnetically Coupled Circuits, General Two-Port Networks, Signal Analysis, State-Variable Analysis, Fourier Analysis, Fourier Transforms, Laplace Transform Techniques, Appendixes, Determinants, Matrices, Proof of Thevenin's Theorem, Complex Numbers, SPICE Tutorial, Answers to Odd-Numbered Problems, Index.
700 1 _aHayt William H
_92346
700 1 _aKemmerly Jack E
_92347
942 _cBK
999 _c1783
_d1783